00310nam a2200121Ia 4500008004100000041000800041082001700049100002000066245003600086260004400122300001500166365000700181240624s9999 xx 000 0 und d aeng a658.4038 HON aHONEYCUTT JERRY aKNOWLEDGE MANAGEMENT STRATEGIES c2000aNew DelhibPrentice-Hall of India axxv, : 239 cRS